Statistiques concernant Devinez le Pays Mystère #149

Cliquez ici pour prendre le quiz!

Statistiques générales

  • Ce quiz a été pris 277 fois
  • Le résultat moyen est 7 sur 9

Statistiques - réponses

Type de RéponseRéponse% Correct
Lettre TrouvéeA
97%
Lettre TrouvéeI
90%
Lettre TrouvéeN
84%
Lettre Bien PlacéeI
81%
Lettre Bien PlacéeA
76%
Lettre Bien PlacéeN
76%
Pays MystèreIran
74%
Lettre Bien PlacéeR
74%
Lettre TrouvéeR
74%

Distribution des résultats

Percentile par nombre de réponses

% des personnes avec chaque résultat

Votre développement - résultats

Vous n’avez pas pris ce quiz